00861pab a2200169 454500008004000000100002200040245003800062260000900100300001700109362001100126520036700137650002100504773003400525909001000559999001700569952010500586180718b2002 xxu||||| |||| 00| 0 eng d aRao, S. Srinivasa aDalits in education and workforce c2002 ap.2998-3000. a20 Jul aDespite constitutional provisions and safeguards, dalit representation in higher educational institutes and in the workforce remains largely minimal. State intiated programmes and policies apart, it is also essential, as a recent conference in Bhopal highlighted, to instill respect for diversity and a greater understanding of the disadvantaged. - Reproduced. aBackward classes aEconomic and Political Weekly a53160 c53160d53160 00104070aIIPAbIIPAd2018-07-19hVolume no: 37, Issue no: 29pAR53597r2018-07-19w2018-07-19yAR